| 000 | 00460nam a22001697a 4500 | ||
|---|---|---|---|
| 003 | CEME | ||
| 005 | 20210628203311.0 | ||
| 008 | 210115b xxu||||| |||| 00| 0 eng d | ||
| 020 | _a0155171629 | ||
| 040 | _c. | ||
| 082 | _a519.5 FUR | ||
| 100 |
_aFurlong, nancy , louelace, engene , lovelace, kristin _964566 |
||
| 245 | _aResearch methods and statistics , an intregrated approach | ||
| 260 |
_aUSA _bTHOMSON _c2000 |
||
| 300 | _aXXI, P | ||
| 942 |
_cBK _2ddc |
||
| 999 |
_c573017 _d573017 |
||